[Event "Top 12 FRA-chT 2017"]
[Site "Chartres"]
[Date "2017.05.20"]
[Round "3"]
[White "Bollengier, Andreea"]
[Black "Steil-Antoni, Fiona"]
[Result "1-0"]
[WhiteElo "2234"]
[BlackElo "2155"]
[Annotator "NA"]
[PlyCount "111"]
[EventDate "2017.??.??"]
[EventType "team-tourn"]
[EventCountry "FRA"]
[SourceTitle "playchess.com"]
[Source "ChessBase"]
[SourceQuality "1"]
[WhiteTeam "Nice Alekhine"]
[BlackTeam "Vandoeuvre"]
[TimeControl "40/5400+30:1800+30"]

1. c4 e5 {[%emt 0:02:43]} 2. g3 {[%emt 0:00:00]} Nc6 {[%emt 0:00:11]} 3. Bg2 {[%emt 0:00:00]} Bc5 {[%emt 0:00:14]} 4. Nc3 {[%emt 0:00:37]} a6 {[%emt 0:00:05]} 5. e3 {[%emt 0:00:58]} d6 {[%emt 0:01:15]} 6. Nge2 {[%emt 0:00:56]} Ba7 {[%emt 0:00:07]} 7. d4 {[%emt 0:08:42]} h5 {[%emt 0:01:07]} 8. h4 {[%emt 0:08:04]} Bd7 {[%emt 0:10:24]} 9. b3 {[%emt 0:04:27]} f5 {[%emt 0:08:21]} 10. dxe5 {[%emt 0:16:32]} dxe5 {[%emt 0:01:57]} 11. Nd5 {[%emt 0:03:25]} Nf6 {[%emt 0:05:01]} 12. Ba3 {[%emt 0:04:18]} Rb8 {[%emt 0:18:20]} 13. Nec3 {[%emt 0:05:56]} b5 {[%emt 0:07:05]} 14. Nxf6+ {[%emt 0:02:05]} gxf6 {[%emt 0:09:12]} 15. cxb5 {[%emt 0:02:02]} axb5 {[%emt 0:00:28]} 16. Nd5 {[%emt 0:02:54]} b4 {[%emt 0:03:37]} 17. Bb2 {[%emt 0:00:08]} Kf7 {[%emt 0:00:58]} 18. Rc1 {[%emt 0:03:37]} Be8 {[%emt 0:11:17]} 19. Qc2 {[%emt 0:09:17]} Rb5 {[%emt 0:01:12]} 20. Rd1 {[%emt 0:03:36]} Qc8 {[%emt 0:02:43]} 21. Bh3 {[%emt 0:03:50]} Rc5 {[%emt 0:06:04]} 22. Qd2 {[%emt 0:05:29]} Nd4 {[%emt 0:02:33]} 23. exd4 {[%emt 0:00:54]} Rxd5 {[%emt 0:00:02]} 24. Qxb4 {[%emt 0:00:56]} exd4 {[%emt 0:01:00]} 25. O-O {[%emt 0:00:21]} Qd8 {[%emt 0:04:12]} 26. Bg2 {[%emt 0:04:00]} Rd6 {[%emt 0:01:12]} 27. Qa5 {[%emt 0:00:13]} Bb6 {[%emt 0:00:31]} 28. Qxf5 {[%emt 0:00:05]} Bd7 {[%emt 0:00:35]} 29. Qf4 {[%emt 0:03:02]} Bg4 {[%emt 0:00:32]} 30. Bf3 {[%emt 0:00:21]} Rg8 {[%emt 0:01:09]} 31. Rd3 {[%emt 0:00:56]} Qd7 {[%emt 0:00:31]} 32. b4 {[%emt 0:03:46]} Bxf3 {[%emt 0:00:24]} 33. Qxf3 {[%emt 0:00:31]} Rg4 {[%emt 0:00:01]} 34. Re1 {[%emt 0:01:14]} Re6 {[%emt 0:00:25]} 35. Rxe6 {[%emt 0:00:53]} Qxe6 {[%emt 0:00:02]} 36. a4 {[%emt 0:00:39]} Qe1+ {[%emt 0:00:17]} 37. Kg2 {[%emt 0:00:41]} Qxb4 {[%emt 0:00:18]} 38. Qd5+ {[%emt 0:00:46]} Kg7 {[%emt 0:01:16]} 39. Qxh5 {[%emt 0:02:00]} Rg6 {[%emt 0:00:01]} 40. Qb5 {[%emt 0:00:50]} Qe7 {[%emt 0:31:30]} 41. Qd5 {[%emt 0:30:40]} c5 {[%emt 0:01:16]} 42. Rb3 {[%emt 0:00:00]} f5 {[%emt 0:00:00]} 43. a5 {[%emt 0:00:00]} Bxa5 {[%emt 0:00:00]} 44. Rb7 {[%emt 0:00:00]} Bc7 {[%emt 0:00:00]} 45. Qxf5 {[%emt 0:00:00]} Rf6 {[%emt 0:00:00]} 46. Qg5+ {[%emt 0:00:00]} Kh7 {[%emt 0:00:00]} 47. Qh5+ {[%emt 0:00:00]} Kg7 {[%emt 0:00:00]} 48. Qg4+ {[%emt 0:00:00]} Kf7 {[%emt 0:00:00]} 49. Bc1 {[%emt 0:00:00]} Qd8 {[%emt 0:00:00]} 50. Qh5+ {[%emt 0:00:00]} Kg8 {[%emt 0:00:00]} 51. Qxc5 {[%emt 0:00:00]} Rf7 {[%emt 0:00:00]} 52. Qg5+ {[%emt 0:01:12]} Qxg5 {[%emt 0:00:00]} 53. Bxg5 {[%emt 0:00:00]} d3 {[%emt 0:00:00]} 54. Kf1 {[%emt 0:01:50]} Rd7 {[%emt 0:00:00]} 55. Bf4 {[%emt 0:00:33]} d2 {[%emt 0:00:00]} 56. Bxd2 {[%emt 0:00:01]} 1-0

[Event "Top 12 FRA-chT 2017"]
[Site "Chartres"]
[Date "2017.05.20"]
[Round "3"]
[White "Le Borgne, Pierre"]
[Black "Barbot, Pierre"]
[Result "1/2-1/2"]
[WhiteElo "2234"]
[BlackElo "2456"]
[Annotator "TA"]
[PlyCount "44"]
[EventDate "2017.??.??"]
[EventType "team-tourn"]
[EventCountry "FRA"]
[SourceTitle "playchess.com"]
[Source "ChessBase"]
[SourceQuality "1"]
[WhiteTeam "Lisieux"]
[BlackTeam "Clichy"]

{[%evp 26,44,28,16,33,16,17,-72,54,45,23,54,42,0,0,0,31,44,201,206,207]} 1. e4 e5 2. Nf3 Nc6 3. Bb5 g6 4. c3 a6 5. Ba4 d6 6. d4 Bd7 7. O-O Bg7 8. Re1 Nge7 9. d5 Nb8 {[%cal Bc6b8,Bb8d7,Bd7f6][%mdl 32]} 10. Bxd7+ {C76: Ruy Lopez: Deferred Steinitz: 5 c3 Bd7 6 d4 g6} Nxd7 11. c4 (11. Be3 Ng8 12. c4 Bh6 13. Nc3 Bxe3 14. Rxe3 Ngf6 15. b4 O-O 16. Rc1 Qe7 {½-½ (31) Karjakin,S (2769)-Carlsen,M (2844) Wijk aan Zee 2016}) 11... O-O 12. Nc3 h6 13. b4 f5 14. Nd2 {LiveBook: 3 Games} Nf6 15. f3 c6 16. Nb3 $146 (16. dxc6 $11 {keeps the balance.} bxc6 17. Rb1) ({Predecessor:} 16. Qb3 cxd5 17. Nxd5 Nexd5 18. exd5 {0-1 (35) Decoster,F (2209)-Vandevoort,P (2364) Netherlands 2008}) 16... Qb6+ (16... cxd5 $17 17. exd5 Qc7) 17. c5 $14 Qxb4 18. Bd2 Rad8 19. dxc6 Nxc6 20. Nd5 Qc4 21. Rc1 {[%mdl 1024] White has compensation.} Qa4 $2 {[#]} ({Better is} 21... Qd3 $1 $14) 22. Nb6 $1 $18 {[%cal Rb6a4]} Qa3 {Precision: White = 48%, Black = 29%.} ({But not} 22... Qxa2 $2 23. Ra1 $18) 1/2-1/2

[Event "Top 12 FRA-chT 2017"]
[Site "Chartres"]
[Date "2017.05.20"]
[Round "3"]
[White "Moucheroud, Jeremy"]
[Black "Piorun, Kacper"]
[Result "0-1"]
[WhiteElo "2197"]
[BlackElo "2638"]
[Annotator "TA"]
[PlyCount "108"]
[EventDate "2017.??.??"]
[EventType "team-tourn"]
[EventCountry "FRA"]
[SourceTitle "playchess.com"]
[Source "ChessBase"]
[SourceQuality "1"]
[WhiteTeam "Montpellier"]
[BlackTeam "Tremblay-En-France"]

{[%evp 20,108,0,6,0,0,0,0,20,20,20,0,20,10,20,20,20,0,0,-66,-73,-85,-70,-81,-74,-69,-67,-68,-70,-106,-104,-104,-101,-104,-105,-97,-79,-85,-77,-146,-145,-136,-126,-168,-144,-149,-114,-182,-175,-175,-158,-168,-167,-168,-162,-186,-185,-207,-207,-207,-206,-225,-191,-207,-187,-268,-259,-266,-241,-402,-368,-405,-387,-543,-497,-947,-543,-782,-943,-851,-772,-1150,-1150,-977,-850,-29978,-29979,-29978,-29979,-29982,-29983]} 1. e4 e6 2. d4 d5 3. Nd2 Be7 4. Ngf3 Nf6 5. Bd3 c5 6. exd5 Qxd5 7. dxc5 Qxc5 {C03: French Tarrasch: Unusual Black 3rd moves} 8. O-O O-O (8... Nbd7 9. a4 b6 10. a5 b5 11. Nb3 Qh5 12. a6 b4 13. Be2 {1-0 (32) Adams,M (2751)-Ju,W (2583) Caleta 2017}) 9. Qe2 Nbd7 10. Re1 b6 11. Ne4 {LiveBook: 3 Games} Qh5 12. Ng3 Qc5 13. Ne4 Qc7 14. Nxf6+ Nxf6 15. Ne5 Bb7 16. Bf4 {White wants to play Ng6.} Qc5 17. Rad1 Rad8 $146 18. Bg3 g6 19. c4 (19. Bf4 $11) 19... Nh5 $15 20. Bc2 Nxg3 21. hxg3 Rxd1 22. Rxd1 Rd8 23. Rxd8+ Bxd8 24. Ng4 h5 25. Nh2 Bf6 $40 {[%mdl 128] Black goes for the king.} 26. b3 Qd4 27. Qd1 Qxd1+ (27... Qc3 {keeps more tension.} 28. Nf3 Qb2 29. a4 Bc6 30. Qe2 Kg7) 28. Bxd1 $17 {[%mdl 4096] Endgame KBB-KBN} Be4 29. Nf3 ({White should try} 29. g4) 29... Bc3 30. Ng5 Bb1 31. a3 Bb2 32. a4 a5 33. f4 (33. f3 $17) 33... Kf8 $19 34. Kf2 Ke7 35. Ke3 Bc3 36. Ne4 Bb4 37. Nd2 Bc5+ 38. Kf3 Bf5 39. Ke2 f6 40. Nf3 Be4 41. Ne1 Kd6 42. Bc2 (42. Nf3 $142) 42... Bxc2 43. Nxc2 {KB-KN} e5 {[%cal Be6e5,Be5e4][%mdl 32]} 44. Kf3 $2 {[#]} (44. Kd3 {keeps fighting.}) 44... Ke6 45. Ke4 f5+ 46. Kf3 (46. Kd3 {was worth a try.} e4+ 47. Kd2) 46... Kf6 47. Ne1 (47. Ke2 $142 e4 48. Kd1) 47... g5 48. Ke2 e4 49. Nc2 h4 50. fxg5+ Kxg5 51. gxh4+ Kxh4 52. Ne3 Bxe3 {Black mates.} 53. Kxe3 Kg3 54. Ke2 Kxg2 {Precision: White = 48%, Black = 80%.} 0-1

[Event "Top 12 FRA-chT 2017"]
[Site "Chartres"]
[Date "2017.05.20"]
[Round "3"]
[White "Aflalo, Sophie"]
[Black "Caron, Damien"]
[Result "1-0"]
[WhiteElo "2135"]
[BlackElo "2024"]
[Annotator "NA"]
[PlyCount "59"]
[EventDate "2017.??.??"]
[EventType "team-tourn"]
[EventCountry "FRA"]
[SourceTitle "playchess.com"]
[Source "ChessBase"]
[SourceQuality "1"]
[WhiteTeam "Tremblay-En-France"]
[BlackTeam "Montpellier"]
[TimeControl "40/5400+30:1800+30"]

1. e4 {[%emt 0:00:00]} c5 {[%emt 0:00:04]} 2. Nf3 {[%emt 0:00:00]} e6 {[%emt 0:00:05]} 3. d4 {[%emt 0:00:00]} cxd4 {[%emt 0:00:04]} 4. Nxd4 {[%emt 0:00:00]} a6 {[%emt 0:00:07]} 5. Bd3 {[%emt 0:00:14]} Nf6 {[%emt 0:00:28]} 6. O-O {[%emt 0:00:30]} Qc7 {[%emt 0:00:07]} 7. Nc3 {[%emt 0:03:45]} Nc6 {[%emt 0:11:18]} 8. Nb3 {[%emt 0:01:27]} b5 {[%emt 0:02:41]} 9. f4 {[%emt 0:00:56]} d6 {[%emt 0:03:49]} 10. Be3 {[%emt 0:02:20]} Be7 {[%emt 0:00:42]} 11. Kh1 {[%emt 0:03:56]} Bb7 {[%emt 0:07:47]} 12. a4 b4 {[%emt 0:01:10]} 13. Na2 {[%emt 0:01:08]} O-O {[%emt 0:05:50]} 14. Qe1 {[%emt 0:13:11]} e5 {[%emt 0:09:46]} 15. Nxb4 {[%emt 0:08:13]} Nxb4 {[%emt 0:03:27]} 16. Qxb4 {[%emt 0:00:04]} a5 {[%emt 0:09:57]} 17. Nxa5 {[%emt 0:01:32]} exf4 {[%emt 0:06:34]} 18. Bb6 {[%emt 0:00:58]} Qc8 {[%emt 0:00:34]} 19. Rxf4 {[%emt 0:01:00]} Nd7 {[%emt 0:00:17]} 20. Bd4 {[%emt 0:01:31]} Ba6 {[%emt 0:00:15]} 21. Bb5 {[%emt 0:02:38]} Bxb5 {[%emt 0:01:50]} 22. Qxb5 {[%emt 0:01:51]} Ne5 {[%emt 0:01:24]} 23. Bxe5 {[%emt 0:06:49]} dxe5 {[%emt 0:00:58]} 24. Nc6 {[%emt 0:00:23]} Bd6 {[%emt 0:03:06]} 25. Rf2 {[%emt 0:01:57]} Ra6 {[%emt 0:00:48]} 26. Nxe5 {[%emt 0:00:56]} Bc5 {[%emt 0:01:27]} 27. Rxf7 {[%emt 0:06:44]} Rxf7 {[%emt 0:06:55]} 28. Qc4 {[%emt 0:01:09]} Raf6 {[%emt 0:00:52]} 29. Nxf7 {[%emt 0:03:02]} Rxf7 {[%emt 0:00:14]} 30. Rf1 {[%emt 0:00:33]} 1-0

[Event "Top 12 FRA-chT 2017"]
[Site "Chartres"]
[Date "2017.05.20"]
[Round "3"]
[White "De Seroux, Camille"]
[Black "Leconte, Maria"]
[Result "1-0"]
[WhiteElo "2117"]
[BlackElo "2174"]
[Annotator "NA"]
[PlyCount "95"]
[EventDate "2017.??.??"]
[EventType "team-tourn"]
[EventCountry "FRA"]
[SourceTitle "playchess.com"]
[Source "ChessBase"]
[SourceQuality "1"]
[WhiteTeam "Grasse Echecs"]
[BlackTeam "Saint Quentin"]
[TimeControl "40/5400+30:1800+30"]

1. e4 {[%emt 0:00:00]} e6 {[%emt 0:00:04]} 2. d4 {[%emt 0:00:00]} d5 {[%emt 0:00:04]} 3. Nd2 {[%emt 0:00:00]} Ne7 {[%emt 0:00:06]} 4. Bd3 {[%emt 0:09:41]} Nd7 {[%emt 0:00:12]} 5. c3 {[%emt 0:02:48]} g6 {[%emt 0:00:40]} 6. Ngf3 {[%emt 0:05:16]} Bg7 {[%emt 0:00:12]} 7. O-O {[%emt 0:00:15]} O-O {[%emt 0:00:10]} 8. Re1 {[%emt 0:00:38]} c5 {[%emt 0:00:32]} 9. exd5 {[%emt 0:12:41]} exd5 {[%emt 0:00:35]} 10. Bc2 {[%emt 0:05:55]} Nc6 {[%emt 0:07:25]} 11. dxc5 {[%emt 0:04:13]} Nxc5 {[%emt 0:01:37]} 12. Nb3 {[%emt 0:01:11]} b6 {[%emt 0:20:00]} 13. Bg5 {[%emt 0:07:39]} f6 {[%emt 0:15:10]} 14. Be3 {[%emt 0:09:44]} Ne4 {[%emt 0:01:17]} 15. c4 {[%emt 0:08:10]} Nb4 {[%emt 0:07:24]} 16. cxd5 {[%emt 0:02:03]} Nxc2 {[%emt 0:00:08]} 17. Qxc2 {[%emt 0:00:11]} Qxd5 {[%emt 0:00:35]} 18. Rad1 {[%emt 0:14:23]} Qb7 {[%emt 0:00:14]} 19. Bf4 {[%emt 0:03:25]} f5 {[%emt 0:04:48]} 20. Be5 {[%emt 0:03:14]} Bxe5 {[%emt 0:09:41]} 21. Nxe5 {[%emt 0:00:05]} Re8 {[%emt 0:00:25]} 22. Nc4 {[%emt 0:02:59]} Qc7 {[%emt 0:03:50]} 23. f3 {[%emt 0:03:55]} Nd6 {[%emt 0:05:11]} 24. Rxe8+ {[%emt 0:01:05]} Nxe8 {[%emt 0:00:03]} 25. Qd3 {[%emt 0:01:56]} Be6 {[%emt 0:00:35]} 26. Ne3 {[%emt 0:00:18]} Nf6 {[%emt 0:01:53]} 27. a3 {[%emt 0:01:10]} f4 {[%emt 0:01:49]} 28. Nd4 {[%emt 0:00:28]} Bf7 {[%emt 0:02:20]} 29. Nec2 {[%emt 0:00:15]} Re8 {[%emt 0:01:15]} 30. Nb5 {[%emt 0:00:37]} Qc5+ {[%emt 0:00:26]} 31. Nbd4 {[%emt 0:00:40]} Bc4 {[%emt 0:07:51]} 32. Qd2 {[%emt 0:00:30]} Nd5 {[%emt 0:00:42]} 33. b4 {[%emt 0:00:20]} Qd6 {[%emt 0:02:43]} 34. Re1 {[%emt 0:00:11]} Rxe1+ {[%emt 0:00:20]} 35. Qxe1 {[%emt 0:00:51]} Ne3 {[%emt 0:00:20]} 36. Qc3 {[%emt 0:00:24]} Nxc2 {[%emt 0:02:55]} 37. Qxc4+ {[%emt 0:00:32]} Kg7 {[%emt 0:00:12]} 38. Nxc2 {[%emt 0:00:44]} Qd1+ {[%emt 0:01:41]} 39. Kf2 {[%emt 0:00:09]} Qd2+ {[%emt 0:00:07]} 40. Qe2 {[%emt 0:00:22]} Qc3 {[%emt 0:30:04]} 41. Qe7+ {[%emt 0:30:39]} Kh6 {[%emt 0:01:10]} 42. Qe4 {[%emt 0:00:00]} Qd2+ {[%emt 0:00:00]} 43. Qe2 {[%emt 0:00:00]} Qc3 {[%emt 0:00:00]} 44. g3 {[%emt 0:00:00]} g5 {[%emt 0:00:00]} 45. Kg2 {[%emt 0:00:00]} a5 {[%emt 0:00:00]} 46. Qd1 {[%emt 0:00:00]} a4 {[%emt 0:00:00]} 47. Qd6+ {[%emt 0:00:00]} Kg7 {[%emt 0:00:00]} 48. Qd4+ {[%emt 0:00:00]} 1-0

[Event "Top 12 FRA-chT 2017"]
[Site "Chartres"]
[Date "2017.05.20"]
[Round "3"]
[White "Ariza, Thomas"]
[Black "Pelletier, Yannick"]
[Result "0-1"]
[WhiteElo "2116"]
[BlackElo "2543"]
[Annotator "TA"]
[PlyCount "86"]
[EventDate "2017.??.??"]
[EventType "team-tourn"]
[EventCountry "FRA"]
[SourceTitle "playchess.com"]
[Source "ChessBase"]
[SourceQuality "1"]
[WhiteTeam "Bois-Colombes"]
[BlackTeam "Bischwiller"]

{[%evp 9,86,0,14,18,10,14,21,4,4,4,2,4,10,3,8,0,6,0,0,-4,0,0,-8,-18,-24,-26,0,0,0,-136,-128,-151,-143,-164,-164,-195,-192,-268,-171,-237,-245,-255,-255,-246,-254,-324,-279,-291,-78,-354,-353,-454,-265,-345,-338,-351,-333,-639,-450,-432,-428,-12821,-9666,-5714,-5058,-12837,-12838,-12838,-12839,-12839,-12839,-12840,-12840,-12841,-12841,-12841,-12842,-12842,-12842]} 1. Nf3 d5 2. d4 Nf6 3. c4 e6 4. g3 Bb4+ 5. Bd2 Bd6 (5... Be7 6. Bg2 O-O 7. O-O Nbd7 8. Qc2 Ne4 9. Bf4 c6 10. Nc3 g5 11. Bc1 f5 12. b3 b6 13. Bb2 Bb7 14. Rad1 Qe8 15. Nd2 Nd6 16. Ba3 Rc8 17. Rfe1 Nf7 18. Qb2 {½-½ (30) So,W (2822)-Nakamura,H (2793) Saint Louis 2017}) 6. Bg2 {E01: Catalan: Early deviations} c6 7. b3 Nbd7 8. Qc2 {The position is equal.} Ne4 9. O-O O-O 10. Bc3 f5 11. Bb2 Qe7 12. Nbd2 a5 $146 ({Predecessor:} 12... b6) 13. Ne1 {[%cal Rd2e4] [#]} a4 $1 {[%mdl 512]} 14. Nxe4 (14. bxa4 Nxd2) 14... dxe4 15. f3 axb3 16. axb3 Rxa1 17. Bxa1 f4 18. fxe4 fxg3 19. e5 {[#]} (19. Rxf8+ $1 $11 {remains equal.} Nxf8 20. e5 gxh2+ 21. Kh1) 19... Bxe5 $1 $17 {[%mdl 512]} 20. Rxf8+ ({Not} 20. dxe5 $2 Qc5+ 21. Kh1 Rxf1+ 22. Bxf1 Qf2 $19) 20... Qxf8 21. Nf3 gxh2+ $40 {[%mdl 128] Black is out for blood.} 22. Kh1 Bf4 23. e4 {[#]} (23. Qe4 {keeps fighting.}) 23... e5 $1 24. c5 (24. dxe5 {might work better.} Nc5 25. b4) 24... exd4 $19 25. Qc4+ Qf7 {Hoping for ...Qxc4.} 26. Qxd4 {and the idea Bh3 leaves White hopeful.} Nf8 27. Nh4 Qd7 28. Qc4+ Kh8 $2 (28... Ne6 $19 {and Black stays clearly on top. Strongly threatening ...Qd1+.} 29. b4 Qd1+ 30. Qf1 Qd2) 29. Bd4 $2 {[%mdl 8192]} (29. Nf5 $17 Qd1+ 30. Qf1 Qxf1+ 31. Bxf1) 29... Ne6 30. Bh3 Qe8 (30... Qxd4 $142 31. Qxd4 Nxd4 32. Bxc8 Nxb3) 31. Nf5 Nxd4 32. Qxd4 {[%csl Gf5][%cal Rd4g7]} Be5 33. Qf2 $2 (33. Qd3) 33... Qf8 {Black is clearly winning.} 34. Qe3 Be6 35. Nh4 (35. Bg2 $142) 35... Qd8 36. Qf3 Bxh3 37. Ng6+ hxg6 38. Qxh3+ Kg8 39. Qe6+ Kf8 {( -> ...Qd1+)} 40. Qxe5 Qd1+ 41. Kxh2 {[#]} Qh5+ $1 42. Qxh5 gxh5 43. Kg3 g5 {Precision: White = 32%, Black = 66%.} 0-1

[Event "Top 12 FRA-chT 2017"]
[Site "Chartres"]
[Date "2017.05.20"]
[Round "3"]
[White "Haussernot, Cecile"]
[Black "Roos, Louis"]
[Result "1-0"]
[WhiteElo "2099"]
[BlackElo "2346"]
[Annotator "NA"]
[PlyCount "93"]
[EventDate "2017.??.??"]
[EventType "team-tourn"]
[EventCountry "FRA"]
[SourceTitle "playchess.com"]
[Source "ChessBase"]
[SourceQuality "1"]
[WhiteTeam "Mulhouse Philidor"]
[BlackTeam "Strasbourg"]
[TimeControl "40/5400+30:1800+30"]

1. e4 {[%emt 0:00:00]} c5 {[%emt 0:01:35]} 2. Nf3 {[%emt 0:00:00]} e6 {[%emt 0:03:08]} 3. d4 {[%emt 0:00:46]} cxd4 {[%emt 0:00:33]} 4. Nxd4 {[%emt 0:00:05]} a6 {[%emt 0:00:58]} 5. Bd3 {[%emt 0:00:43]} Ne7 {[%emt 0:03:13]} 6. O-O {[%emt 0:08:07]} Nbc6 {[%emt 0:01:36]} 7. Be3 {[%emt 0:00:44]} g6 {[%emt 0:22:41]} 8. Nd2 {[%emt 0:13:16]} Bg7 {[%emt 0:04:44]} 9. Nxc6 {[%emt 0:09:56]} Nxc6 {[%emt 0:10:51]} 10. Nc4 {[%emt 0:01:26]} d5 {[%emt 0:16:04]} 11. exd5 {[%emt 0:02:39]} exd5 {[%emt 0:00:19]} 12. Bb6 {[%emt 0:02:53]} Qe7 {[%emt 0:00:25]} 13. Re1 {[%emt 0:01:38]} Be6 {[%emt 0:00:16]} 14. Ne3 {[%emt 0:00:31]} O-O {[%emt 0:10:42]} 15. Nxd5 {[%emt 0:09:34]} Qd6 {[%emt 0:09:09]} 16. Nc7 {[%emt 0:01:49]} Bxb2 {[%emt 0:02:55]} 17. Nxe6 {[%emt 0:08:44]} fxe6 {[%emt 0:02:04]} 18. Bc4 {[%emt 0:01:47]} Qf4 {[%emt 0:04:50]} 19. Bxe6+ {[%emt 0:02:13]} Kh8 {[%emt 0:00:11]} 20. g3 {[%emt 0:12:49]} Qf6 {[%emt 0:00:42]} 21. Rb1 {[%emt 0:01:57]} Bd4 {[%emt 0:01:58]} 22. Bxd4 {[%emt 0:01:14]} Nxd4 {[%emt 0:00:10]} 23. Bd5 {[%emt 0:01:33]} Qxf2+ {[%emt 0:00:51]} 24. Kh1 {[%emt 0:00:02]} Rad8 {[%emt 0:00:34]} 25. c4 {[%emt 0:01:38]} b5 {[%emt 0:00:29]} 26. Re7 {[%emt 0:07:49]} Nf3 {[%emt 0:01:11]} 27. Re2 {[%emt 0:00:23]} Qc5 {[%emt 0:00:36]} 28. Rb3 {[%emt 0:02:43]} bxc4 {[%emt 0:00:46]} 29. Rxf3 {[%emt 0:00:43]} Rxd5 {[%emt 0:00:32]} 30. Rxf8+ {[%emt 0:05:03]} Qxf8 {[%emt 0:00:09]} 31. Qe1 {[%emt 0:00:58]} Qf3+ {[%emt 0:00:33]} 32. Kg1 {[%emt 0:00:04]} Rf5 {[%emt 0:00:15]} 33. Re3 {[%emt 0:02:01]} Qd5 {[%emt 0:00:55]} 34. Re8+ {[%emt 0:00:33]} Kg7 {[%emt 0:00:11]} 35. Re7+ {[%emt 0:00:34]} Kf6 {[%emt 0:01:09]} 36. Rxh7 {[%emt 0:00:30]} Qc5+ {[%emt 0:00:09]} 37. Kg2 {[%emt 0:00:21]} c3 {[%emt 0:00:19]} 38. g4 {[%emt 0:00:42]} c2 {[%emt 0:00:20]} 39. gxf5 {[%emt 0:00:20]} c1=Q {[%emt 0:00:07]} 40. Qe6+ {[%emt 0:00:08]} Kg5 {[%emt 0:30:29]} 41. Qxg6+ {[%emt 0:30:28]} Kf4 {[%emt 0:00:49]} 42. Qg3+ {[%emt 0:00:00]} Ke4 {[%emt 0:00:00]} 43. Rh4+ {[%emt 0:00:00]} Kd5 {[%emt 0:00:00]} 44. Qd3+ {[%emt 0:00:00]} Ke5 {[%emt 0:00:00]} 45. Re4+ {[%emt 0:00:00]} Kxf5 {[%emt 0:00:23]} 46. Qf3+ {[%emt 0:00:00]} Kg6 {[%emt 0:01:45]} 47. Re6+ {[%emt 0:00:00]} 1-0

[Event "Top 12 FRA-chT 2017"]
[Site "Chartres"]
[Date "2017.05.20"]
[Round "3"]
[White "Marchadour, Emilie"]
[Black "Guichard, Pauline"]
[Result "0-1"]
[WhiteElo "2097"]
[BlackElo "2312"]
[Annotator "NA"]
[PlyCount "54"]
[EventDate "2017.??.??"]
[EventType "team-tourn"]
[EventCountry "FRA"]
[SourceTitle "playchess.com"]
[Source "ChessBase"]
[SourceQuality "1"]
[WhiteTeam "Lisieux"]
[BlackTeam "Clichy"]
[TimeControl "40/5400+30:1800+30"]

1. e4 {[%emt 0:00:00]} g6 {[%emt 0:00:04]} 2. d4 {[%emt 0:00:00]} Bg7 {[%emt 0:00:05]} 3. Nf3 {[%emt 0:00:11]} d6 {[%emt 0:00:10]} 4. h3 {[%emt 0:00:29]} Nd7 {[%emt 0:01:18]} 5. Nc3 {[%emt 0:02:08]} c5 {[%emt 0:03:41]} 6. Be3 {[%emt 0:01:05]} cxd4 {[%emt 0:10:04]} 7. Bxd4 {[%emt 0:02:12]} Ngf6 {[%emt 0:00:12]} 8. Bc4 {[%emt 0:04:09]} O-O {[%emt 0:01:08]} 9. O-O {[%emt 0:00:16]} b6 {[%emt 0:01:32]} 10. e5 {[%emt 0:05:25]} dxe5 {[%emt 0:23:16]} 11. Nxe5 {[%emt 0:15:25]} Bb7 {[%emt 0:00:58]} 12. Nxd7 {[%emt 0:14:04]} Qxd7 {[%emt 0:00:27]} 13. Bxf6 {[%emt 0:00:51]} Qxd1 {[%emt 0:00:07]} 14. Raxd1 {[%emt 0:00:08]} Bxf6 {[%emt 0:00:18]} 15. Nd5 {[%emt 0:00:06]} Bg5 {[%emt 0:00:25]} 16. f4 {[%emt 0:03:48]} Bh4 {[%emt 0:00:11]} 17. g3 {[%emt 0:04:05]} Bxg3 {[%emt 0:13:35]} 18. Nxe7+ {[%emt 0:02:38]} Kg7 {[%emt 0:00:08]} 19. Rd7 {[%emt 0:03:10]} Be4 {[%emt 0:03:58]} 20. f5 {[%emt 0:09:59]} Bxc2 {[%emt 0:03:53]} 21. fxg6 {[%emt 0:01:15]} hxg6 {[%emt 0:00:39]} 22. Bd5 {[%emt 0:09:33]} Rae8 {[%emt 0:00:18]} 23. Rxa7 {[%emt 0:03:24]} Bd6 {[%emt 0:00:47]} 24. Nc6 {[%emt 0:03:23]} Bf5 {[%emt 0:00:34]} 25. Kg2 {[%emt 0:02:19]} Re2+ {[%emt 0:01:27]} 26. Kf3 {[%emt 0:01:44]} Rfe8 {[%emt 0:04:14]} 27. Rxf7+ {[%emt 0:01:00]} Kh6 {[%emt 0:00:06]} 0-1

[Event "Top 12 FRA-chT 2017"]
[Site "Chartres"]
[Date "2017.05.20"]
[Round "3"]
[White "Caron, Damien"]
[Black "Aflalo, Sophie"]
[Result "*"]
[WhiteElo "2024"]
[BlackElo "2135"]
[Annotator "NA"]
[PlyCount "21"]
[EventDate "2017.??.??"]
[EventType "team-tourn"]
[EventCountry "FRA"]
[SourceTitle "playchess.com"]
[Source "ChessBase"]
[SourceQuality "1"]
[WhiteTeam "Montpellier"]
[BlackTeam "Tremblay-En-France"]
[TimeControl "40/5400+30:1800+30"]

1. e4 {[%emt 0:00:00]} c5 {[%emt 0:00:04]} 2. Nf3 {[%emt 0:00:00]} e6 {[%emt 0:00:05]} 3. d4 {[%emt 0:00:00]} cxd4 {[%emt 0:00:04]} 4. Nxd4 {[%emt 0:00:00]} a6 {[%emt 0:00:07]} 5. Bd3 {[%emt 0:00:14]} Nf6 {[%emt 0:00:28]} 6. O-O {[%emt 0:00:30]} Qc7 {[%emt 0:00:07]} 7. Nc3 {[%emt 0:03:45]} Nc6 {[%emt 0:11:18]} 8. Nb3 {[%emt 0:01:27]} b5 {[%emt 0:02:41]} 9. f4 {[%emt 0:00:56]} d6 {[%emt 0:03:49]} 10. Be3 {[%emt 0:02:20]} Be7 {[%emt 0:00:42]} 11. Kh1 {[%emt 0:03:56]} *